The life of the cell : (Record no. 70316)
[ view plain ]
| 000 -LEADER | |
|---|---|
| fixed length control field | 00823nam a2200265 a 4500 |
| 001 - CONTROL NUMBER | |
| control field | 70316 |
| 003 - CONTROL NUMBER IDENTIFIER | |
| rucl marc code | BD-RjUL |
| 005 - DATE AND TIME OF LATEST TRANSACTION | |
| control field | 20211209082003.0 |
| 008 - FIXED-LENGTH DATA ELEMENTS--GENERAL INFORMATION | |
| fixed length control field | 170417s1964 enkaf b 001 0 eng d |
| 035 ## - SYSTEM CONTROL NUMBER | |
| System control number | (BD-RjUL)70530 |
| 040 ## - CATALOGING SOURCE | |
| Original cataloging agency | ICF |
| Transcribing agency | ICF |
| Modifying agency | OCL |
| -- | BD-RjUL |
| Language of cataloging | eng |
| 041 ## - LANGUAGE CODE | |
| Language code of text/sound track or separate title | eng |
| 082 ## - DEWEY DECIMAL CLASSIFICATION NUMBER | |
| Edition number | 23 |
| Classification number | 572 |
| Author mark and year | BUL 1964 |
| 100 1# - MAIN ENTRY--PERSONAL NAME | |
| Personal name | Butler, J. A. V. |
| Fuller form of name | (John Alfred Valentine), |
| Dates associated with a name | 1899- |
| 9 (RLIN) | 208226 |
| 245 14 - TITLE STATEMENT | |
| Title | The life of the cell : |
| Remainder of title | its nature, origin, and development / |
| Statement of responsibility, etc. | J.A.V. Butler. |
| 260 ## - PUBLICATION, DISTRIBUTION, ETC. (IMPRINT) | |
| Place of publication, distribution, etc. | London : |
| Name of publisher, distributor, etc. | G. Allen & Unwin, |
| Date of publication, distribution, etc. | c1964. |
| 300 ## - PHYSICAL DESCRIPTION | |
| Pagination | 167 p. : |
| Illustrations | ill. ; |
| Size | 23 cm. |
| 500 ## - GENERAL NOTE | |
| General note | "Sequel to Inside the living cell." |
| General note | Includes index. |
| 504 ## - BIBLIOGRAPHY, ETC. NOTE | |
| Bibliography, etc | Bibliography: p. 160-163. |
| 650 #0 - SUBJECT ADDED ENTRY--TOPICAL TERM | |
| Topical term or geographic name as entry element | Biochemistry. |
| 9 (RLIN) | 208227 |
| Topical term or geographic name as entry element | Cells. |
| 9 (RLIN) | 208228 |
| Topical term or geographic name as entry element | Life (Biology) |
| 9 (RLIN) | 150699 |
| 942 ## - ADDED ENTRY ELEMENTS (KOHA) | |
| Source of classification or shelving scheme | Dewey Decimal Classification |
| Koha item type | Books |
| Lost status | Source of classification or shelving scheme | Damaged status | Not for loan | Collection code | Permanent Location | Current Location | Shelving location | Date acquired | Source of acquisition | Cost, normal purchase price | Total Checkouts | Full call number | Date last seen | Copy number | Koha item type |
|---|---|---|---|---|---|---|---|---|---|---|---|---|---|---|---|
| Dewey Decimal Classification | Not For Loan | Non-fiction | Central Library, University of Rajshahi | Central Library, University of Rajshahi | Reading Room | 16/08/1968 | Sweets & Zeitlinger | 21.00 | 572 BUL 1964 | 17/04/2017 | C-1 | Books | |||
| Dewey Decimal Classification | Non-fiction | Central Library, University of Rajshahi | Central Library, University of Rajshahi | 12/08/1968 | Sweets & Zeitlinger | 27.00 | 572 BUL 1964 | 27/01/2019 | C-2 | Books |